00373nam a22001337a 450000500170000000800410001704100120005808200120007010000130008224500400009526000540013530000240018965000260021320240708082143.0240708b |||||||| |||| 00| 0 eng d aEnglish a349 PRE lEnglish  aPrentice Hall Weekly Legal Service  aDurban:bPrentice Hall Services (Pty) Ltd, c1942 b64 pages; c26 cm.  aLegal practice bLaw